Normal view
MARC view
Entry Personal Name
001 - CONTROL NUMBER
- control field: 5922
003 - CONTROL NUMBER IDENTIFIER
- control field: ARRUPE
005 - DATE AND TIME OF LATEST TRANSACTION
- control field: 20131219114454.0
008 - FIXED-LENGTH DATA ELEMENTS
- fixed length control field: 131219|| aca||aabn | a|a d
040 ## - CATALOGING SOURCE
- Original cataloging agency: ARRUPE
- Transcribing agency: ARRUPE
100 ## - HEADING--PERSONAL NAME
- Personal name: Younghusband, Francis Edward,
- Titles and other words associated with a name: Sir,
- Dates associated with a name: 1863-1942.
670 ## - SOURCE DATA FOUND
- Source citation: Work cat.: (ARRUPE)0: Younghusband, Francis Edward, Sir, 1863-1942., The epic of Mount Everest,, 1926.